000 00449nam a2200205Ia 4500
008 240510s9999 xx 000 0 und d
020 _a0000764504177
041 _aEng
082 _a005.117
082 _bW14
100 _aWALSH,AARON E.
245 0 _aJava for Dummies (with CD)
250 _a3rd ed.
260 _bUSA,IDG Books Worldwide Inc
260 _c1998
300 _a381 p.
650 _aJAVA
942 _2ddc
942 _cLBK
999 _c29106
_d29106
945 _a1
_bMadushi Gamage
_c1
_dMadushi Gamage